Institut d'Acció Social Universitària i Escolar de Catalunya
Descripción Física:
1 díptic : il. ; 22 cm
Otros Autores:
Institut d'Acció Social Universitària i Escolar de Catalunya
MARC
| LEADER | 00000nam a2200000Ia 4500 | ||
|---|---|---|---|
| 001 | 23512 | ||
| 008 | 160829s9999 xx 000 0 cat d | ||
| 080 | |a RF-16-74 | ||
| 245 | |a Institut d'Acció Social Universitària i Escolar de Catalunya | ||
| 260 | |a Sabadell : |b J. Sallent, [193-?] | ||
| 300 | |a 1 díptic : |b il. ; |c 22 cm | ||
| 590 | |a Inclou l'edició facsímil de la portada i sumari del primer volum dels Annals de l'Institut d'Acció Social Universitària i Escolar de Catalunya (any 1, vol. 1) de 1935. | ||
| 590 | |a Hi ha un duplicat a: DUP-73-50. | ||
| 650 | |a Institut d'Acció Social Universitària i Escolar de Catalunya |9 48908 | ||
| 700 | |a Institut d'Acció Social Universitària i Escolar de Catalunya |9 48908 | ||
| 856 | 4 | |u https://media.diba.cat/diba/fitxers/arxiu/fulletons/bib_23512_baixa.pdf |y Accés lliure | |
| 856 | 4 | |u https://media.diba.cat/diba/fitxers/arxiu/fulletons/bib_23512_baixa.pdf |y Accés lliure | |
| 901 | |a Arxiu | ||
| 942 | |n 1 |2 udc | ||
| 952 | |0 0 |1 0 |4 0 |6 RF1674 |7 1 |9 54954 |a Arxiu |b Arxiu |d 2012-08-06 |l 0 |o RF-16-74 |p 23512 |r 2016-12-01 00:00:00 |w 2016-12-01 |y ARXIU | ||
| 999 | |c 58824 |d 58824 | ||
| 900 | |a bib_23512_baixa.pdf | ||